000 00639cam a2200277 4500
001 J58
008 090401t1989 xxu||||| |||| 00| 0 eng d
035 _a(Sirsi) u37902
041 _aeng
050 _a333.33
110 _aEdward Erdman
_92048
245 _aProperty now - No. 7 (Summer 1989)
260 _aLondon
_bEdward Erdman
_c1989
300 _a40p. : ill, ; 30cm.
350 _a0
650 _aBRITISH WATERWAYS
650 _aEUROPE
650 _aGLASS
650 _aMARKETING
650 _aOFFICES
650 _aOVERSEAS INVESTMENT
650 _aRENT
650 _aSHOPPING
942 _n0
948 _c04/03/1997
999 _c90573
_d90573